Which Country is Bigger? - Statistics

General Stats
  • This quiz has been taken 53 times
  • The average score is 6 of 10
Answer Stats
Question Answer % Correct
Which Country is Bigger? Iran
100%
Which Country is Bigger? Namibia
100%
Which Country is Bigger? New Zealand
80%
Which Country is Bigger? Benin
60%
Which Country is Bigger? Eritrea
60%
Which Country is Bigger? Paraguay
60%
Which Country is Bigger? Uzbekistan
60%
Which Country is Bigger? Brunei
40%
Which Country is Bigger? Fiji
40%
Which Country is Bigger? Togo
20%
No matching quizzes found
Score Distribution
Percent of People with Each Score
Percentile by Number Answered
Your Score History
You have not taken this quiz